| 000 | 01411nam a2200385 c 4500 | ||
|---|---|---|---|
| 001 | 58165 | ||
| 003 | CO-BoRNBP | ||
| 005 | 20250819220710.0 | ||
| 007 | ta | ||
| 008 | 221114r20172018ck a br 000 d spa d | ||
| 020 | _a9789583053887 | ||
| 040 |
_aCO-BoRNBP _bspa _erda _cCO-BoRNBP |
||
| 041 | 0 | _aspa | |
| 043 | _as-ck--- | ||
| 084 | _aT | ||
| 100 |
_aZepeda Montañez, Erika Marcela _eaut _962583 |
||
| 245 | 1 | 0 |
_aÁnimas, que ya amanezca / _cErika Zepeda ; ilustraciones de Sara Sánchez. |
| 250 |
_aPrimera edición _bPrimera reimpresión, Segunda reimpresión |
||
| 264 | 1 |
_aBogotá, Colombia : _bPanamericana Editorial, _c2019 |
|
| 300 |
_a59 páginas : _bilustraciones a color |
||
| 336 |
_atexto _btxt _2rdacontent |
||
| 337 |
_asin mediación _bn _2rdamedia |
||
| 338 |
_avolumen _bnc _2rdacarrier |
||
| 490 | 0 |
_aPrimer acto _aTeatro infantil y juvenil |
|
| 500 | _aEl material correspondiente a la dotación PNLB 2022, corresponde a la primera reimpresión de 2018 | ||
| 500 | _aIncluye glosario | ||
| 521 | _aRecomendado para un público infantil mayor de 6 años | ||
| 650 | 0 | 7 |
_aCulto a los antepasados _vteatro _2lemb _962584 |
| 650 | 0 | 7 |
_aDía de los difuntos _vteatro _2LEMB _962585 |
| 650 | 0 | 4 |
_aTeatro infantil colombiano _2LEMB _962586 |
| 650 | 0 | 4 |
_aLiteratura infantil colombiana _2LEMB _934 |
| 655 |
_aTeatro _9324772 |
||
| 700 |
_aSánchez, Sara _eill _962587 |
||
| 942 |
_2loc _cBKLITI |
||
| 999 |
_c58165 _d58165 |
||